[Event "Superettan(Upsala-Orebro)"]
[Site "?"]
[Date "2015.01.17"]
[Round "4"]
[White "Drugge, Patrick"]
[Black "Johansson, Jan"]
[Result "1/2-1/2"]
[WhiteElo "2207"]
[BlackElo "2377"]
[PlyCount "42"]
[SourceDate "2015.01.28"]

1. e4 g6 2. d4 Bg7 3. Nc3 d6 4. Be3 c6 5. Nf3 b5 6. a3 Nd7 7. d5 Bb7 8. Bd4
Ngf6 9. dxc6 Bxc6 10. Bxb5 Bxb5 11. Nxb5 Qa5+ 12. Nc3 e5 13. Be3 Nxe4 14. Qd5
Qxd5 15. Nxd5 O-O 16. O-O Ndf6 17. Ne7+ Kh8 18. Ng5 Rab8 19. Nxe4 Nxe4 20. b4
Rb7 21. Nd5 f5 1/2-1/2

[Event "Superettan(Upsala-Orebro)"]
[Site "?"]
[Date "2015.01.17"]
[Round "4"]
[White "Thorgeirsson, Sverrir"]
[Black "Gruvaeus, Curt"]
[Result "1-0"]
[WhiteElo "2247"]
[BlackElo "2290"]
[PlyCount "65"]

1. e4 g6 2. d4 Bg7 3. Nc3 d6 4. Be3 a6 5. f4 b5 6. Nf3 Bb7 7. Bd3 Nf6 8. e5 Nd5
9. Nxd5 Bxd5 10. O-O Nd7 11. Qe2 O-O 12. a4 c6 13. b3 Rb8 14. Ng5 h6 15. Ne4 f5
16. exf6 Nxf6 17. Nxf6+ Rxf6 18. axb5 axb5 19. Ra7 Qb6 20. Rfa1 Re6 21. c3 b4
22. f5 gxf5 23. Bxf5 Rf6 24. Qg4 h5 25. Qxh5 bxc3 26. Rxe7 Bf7 27. Rxf7 Rxf7
28. Be6 Rbf8 29. Rf1 Qa7 30. Qg6 c2 31. Kh1 Qe7 32. h3 Qa7 33. Bh6 1-0

[Event "Superettan(Upsala-Orebro)"]
[Site "?"]
[Date "2015.01.17"]
[Round "4"]
[White "Nygren, Kim"]
[Black "Andersson, Fredrik"]
[Result "1/2-1/2"]
[WhiteElo "2212"]
[BlackElo "2263"]
[PlyCount "64"]

1. e4 c5 2. Nf3 Nc6 3. b4 cxb4 4. d4 d5 5. exd5 Qxd5 6. c4 Qe4+ 7. Be2 Bf5 8.
O-O Nf6 9. d5 Ne5 10. Nd4 Bd7 11. Re1 Qh4 12. Nf3 Nxf3+ 13. Bxf3 Qxc4 14. Bb2
Rc8 15. Qd2 a5 16. Qg5 h6 17. Qe5 Ng4 18. Qg3 h5 19. Nd2 h4 20. Qd6 Qc7 21. Ne4
Rh6 22. Qxc7 Rxc7 23. h3 f5 24. Ng5 Nf6 25. Be5 Rc5 26. Rad1 Ne4 27. Bxe4 fxe4
28. Nxe4 Rc2 29. Bf4 Rb6 30. Nd6+ Kd8 31. Nf7+ Ke8 32. Nd6+ Kd8 1/2-1/2

[Event "Superettan(Upsala-Orebro)"]
[Site "?"]
[Date "2015.01.17"]
[Round "4"]
[White "Malm Lindberg, Henrik"]
[Black "Blomstrom, Lars"]
[Result "1-0"]
[WhiteElo "2229"]
[BlackElo "2135"]
[PlyCount "83"]

1. e4 e5 2. Nf3 Nc6 3. Bb5 Nf6 4. O-O Nxe4 5. Re1 Nd6 6. Nxe5 Be7 7. Bd3 Nxe5
8. Rxe5 O-O 9. c3 Bf6 10. Re1 Re8 11. Bc2 Rxe1+ 12. Qxe1 b6 13. d4 Bb7 14. Bf4
Qf8 15. Nd2 Re8 16. Qf1 g6 17. Re1 Rxe1 18. Qxe1 Qe8 19. Qe3 Qxe3 20. fxe3 Ne8
21. e4 d6 22. Nf3 Kf8 23. Kf2 Ke7 24. g4 Bg7 25. Ke3 h6 26. h3 Bc8 27. Ba4 Bd7
28. Bxd7 Kxd7 29. d5 c6 30. Nd4 cxd5 31. exd5 Nf6 32. c4 h5 33. g5 Ne8 34. b4
a6 35. Nc6 Nc7 36. Ke4 Bc3 37. Be3 b5 38. c5 dxc5 39. bxc5 a5 40. Bd4 Bxd4 41.
Kxd4 a4 42. Nb4 1-0

[Event "Superettan(Upsala-Orebro)"]
[Site "?"]
[Date "2015.01.17"]
[Round "4"]
[White "Sparv, Joakim"]
[Black "Burwick, Malte"]
[Result "1/2-1/2"]
[WhiteElo "1983"]
[BlackElo "2243"]
[PlyCount "60"]
[SourceDate "2015.01.29"]

1. d4 g6 2. e4 Bg7 3. Nc3 d6 4. Be3 a6 5. Bc4 b5 6. Bb3 Bb7 7. f3 Nd7 8. Nce2
c5 9. c3 cxd4 10. cxd4 Ngf6 11. Qd2 Rc8 12. Nh3 O-O 13. Ng5 Nb6 14. O-O Nc4 15.
Bxc4 Rxc4 16. Rfc1 Rxc1+ 17. Rxc1 Qb8 18. Nh3 Rc8 19. Nf2 Rxc1+ 20. Qxc1 Qc8
21. Qd2 Qc4 22. b3 Qc7 23. Nd3 h5 24. h4 Nh7 25. d5 Bf6 26. g3 Nf8 27. Nb4 Nd7
28. Kg2 e6 29. Nd4 exd5 30. Nxd5 Bxd5 1/2-1/2

[Event "Superettan(Upsala-Orebro)"]
[Site "?"]
[Date "2015.01.17"]
[Round "4"]
[White "Glimbrant, Torbjorn"]
[Black "Jonsson, Krister"]
[Result "1-0"]
[WhiteElo "2241"]
[BlackElo "2083"]
[PlyCount "87"]

1. d4 Nf6 2. c4 e6 3. Nf3 Bb4+ 4. Bd2 a5 5. Nc3 O-O 6. a3 Bxc3 7. Bxc3 Ne4 8.
Qc2 f5 9. e3 b6 10. Be2 Bb7 11. O-O d6 12. b4 Nd7 13. Bb2 Qe7 14. Nd2 Qg5 15.
f4 Qe7 16. Bf3 Ndf6 17. Rfc1 Ra7 18. b5 Nxd2 19. Qxd2 Ne4 20. Qc2 Rd8 21. a4
Raa8 22. Rd1 Rd7 23. Rac1 Re8 24. g3 Ba8 25. Qg2 Qf7 26. g4 Bb7 27. g5 Qe7 28.
h4 d5 29. c5 Rdd8 30. Ba3 bxc5 31. dxc5 e5 32. fxe5 Qxe5 33. c6 Bc8 34. Bb2 Qd6
35. Rd4 Be6 36. Qh2 Qxh2+ 37. Kxh2 Bf7 38. Rc2 Re6 39. Kg2 h6 40. Bxe4 Rxe4 41.
Rxe4 dxe4 42. Be5 Rc8 43. Bxc7 Rxc7 44. b6 1-0

[Event "Superettan(Upsala-Orebro)"]
[Site "?"]
[Date "2015.01.17"]
[Round "4"]
[White "Linden, Anders"]
[Black "Johansson, Carl Fredrik"]
[Result "0-1"]
[WhiteElo "1757"]
[BlackElo "2160"]
[PlyCount "60"]

1. e4 c5 2. Nf3 d6 3. d4 cxd4 4. Nxd4 Nf6 5. Nc3 g6 6. Bc4 Bg7 7. f3 O-O 8. Be3
Nc6 9. Qd2 Nd7 10. Nxc6 bxc6 11. Bh6 Bxh6 12. Qxh6 Qb6 13. O-O-O Nf6 14. h4 Qc5
15. Bb3 Be6 16. Rde1 Qe5 17. f4 Qh5 18. Qxh5 Nxh5 19. Rhf1 Bg4 20. Re3 e6 21.
Nd1 Bxd1 22. Kxd1 Ng7 23. g4 a5 24. c3 Rfb8 25. Kc1 a4 26. Bd1 a3 27. bxa3 Rxa3
28. Bb3 Rbxb3 29. Rff3 Rxa2 30. Kd1 Rb1# 0-1

[Event "Superettan(Upsala-Orebro)"]
[Site "?"]
[Date "2015.01.17"]
[Round "4"]
[White "Johansson, Thomas"]
[Black "Gummesson, Anton"]
[Result "1/2-1/2"]
[WhiteElo "2217"]
[BlackElo "1863"]
[PlyCount "94"]

1. d4 Nf6 2. c4 g6 3. Nc3 Bg7 4. e4 d6 5. h3 O-O 6. Nge2 c5 7. d5 b5 8. cxb5 a6
9. Ng3 e6 10. Be2 exd5 11. exd5 axb5 12. Bxb5 Qa5 13. O-O Bb7 14. a4 Na6 15.
Bf4 Rfd8 16. Qd2 Nb4 17. Bg5 Rdb8 18. Nge4 Nxe4 19. Nxe4 Nxd5 20. Qxa5 Rxa5 21.
Nxd6 Ba8 22. Nc4 Ra7 23. Rad1 h6 24. Be3 Nxe3 25. fxe3 Re7 26. Rd2 Be4 27. Rfd1
g5 28. Rd8+ Rxd8 29. Rxd8+ Kh7 30. Rd6 h5 31. Bc6 Bc2 32. a5 Bb3 33. Nd2 Be5
34. Be4+ Kg7 35. Rb6 Be6 36. Rb7 Re8 37. a6 Rd8 38. a7 Bg3 39. Rxf7+ Kxf7 40.
a8=Q Rxa8 41. Bxa8 Be5 42. Ne4 Bxb2 43. Nxg5+ Ke7 44. Nxe6 Kxe6 45. g3 Bf6 46.
Kf2 h4 47. g4 Ke5 1/2-1/2

[Event "Superettan(Schack 08-Rockaden,Umea)"]
[Site "?"]
[Date "2015.01.17"]
[Round "4"]
[White "Wickstrom, Lucas"]
[Black "Laveryd, Peter"]
[Result "1-0"]
[WhiteElo "2319"]
[BlackElo "2407"]
[PlyCount "101"]

1. d4 Nc6 2. c4 e5 3. d5 Nce7 4. e4 Ng6 5. Be3 Nf6 6. Nd2 Bb4 7. f3 Qe7 8. Rc1
b6 9. Ne2 O-O 10. Ng3 d6 11. Qc2 Nf4 12. Kf2 Bc5 13. Bxc5 dxc5 14. Nf5 Bxf5 15.
exf5 e4 16. Nxe4 Qe5 17. Nxf6+ Qxf6 18. Qc3 Qxf5 19. g3 Ng6 20. Bd3 Qh3 21.
Rce1 Rae8 22. Bxg6 hxg6 23. Re3 f6 24. Qe1 Kf7 25. b3 g5 26. Rxe8 Rxe8 27. Qb1
f5 28. Qf1 Qh5 29. Qb1 f4 30. h4 g4 31. Re1 fxg3+ 32. Kxg3 Rh8 33. Rh1 Qe5+ 34.
Kxg4 Re8 35. Qf5+ Qxf5+ 36. Kxf5 Re2 37. h5 Rxa2 38. h6 g6+ 39. Kf4 Kg8 40. Re1
Kh7 41. Re7+ Kxh6 42. Rxc7 Rb2 43. d6 Rxb3 44. Ke4 Rc3 45. Kd5 Rxf3 46. d7 g5
47. Rc8 Rd3+ 48. Kc6 g4 49. d8=Q Rxd8 50. Rxd8 Kg5 51. Ra8 1-0

[Event "Superettan(Schack 08-Rockaden,Umea)"]
[Site "?"]
[Date "2015.01.17"]
[Round "4"]
[White "Rosberg, Simon"]
[Black "Petrov, Marijan"]
[Result "1-0"]
[WhiteElo "2232"]
[BlackElo "2499"]
[PlyCount "101"]

1. Nf3 g6 2. d4 Bg7 3. g3 c5 4. d5 Nf6 5. Bg2 d6 6. Nc3 b5 7. Nxb5 Qa5+ 8. Nc3
Ne4 9. Qd3 Nxc3 10. Bd2 Bf5 11. Bxc3 Bxd3 12. Bxa5 Bxc2 13. Bc3 Bxc3+ 14. bxc3
Nd7 15. Nd2 Rb8 16. Nc4 Nf6 17. O-O Kd7 18. Rfc1 Ba4 19. e4 Bb5 20. Na5 Rb6 21.
c4 Ba4 22. f4 Kc7 23. e5 Ng4 24. Re1 Rhb8 25. exd6+ Kxd6 26. Nc6 Re8 27. Nxa7
Rb4 28. Bf1 Nf6 29. a3 Rb2 30. Rab1 Rbb8 31. Bg2 Nd7 32. Nc6 Bxc6 33. dxc6 Nb6
34. Rb5 Nxc4 35. Rd1+ Kc7 36. Rd7+ Kc8 37. Rdb7 Ra8 38. Rxc5 Nd6 39. Rc3 Ra4
40. Re3 Nf5 41. Reb3 Nd6 42. Rb8+ Kc7 43. R3b7+ Nxb7 44. Rxe8 Nd6 45. Rxe7+ Kc8
46. Rd7 Nf5 47. Bh3 Rxa3 48. Bxf5 gxf5 49. Rxf7 Rc3 50. Rxf5 Rxc6 51. Rf8+ 1-0

[Event "Superettan(Schack 08-Rockaden,Umea)"]
[Site "?"]
[Date "2015.01.17"]
[Round "4"]
[White "Forsberg, Viktor"]
[Black "Renman, Nils-Gustaf"]
[Result "1-0"]
[WhiteElo "2340"]
[BlackElo "2337"]
[PlyCount "73"]

1. d4 e6 2. c4 f5 3. Nf3 Nf6 4. Nc3 Bb4 5. Bd2 O-O 6. g3 d6 7. Bg2 Bxc3 8. Bxc3
Ne4 9. Rc1 Nd7 10. O-O Nxc3 11. Rxc3 Qe7 12. Qc2 e5 13. dxe5 dxe5 14. c5 Nf6
15. Rd1 c6 16. b4 Nd5 17. Rb3 a5 18. b5 Nb4 19. Qb2 cxb5 20. Nxe5 Be6 21. Re3
Rad8 22. Rxd8 Rxd8 23. Nd3 Nxd3 24. exd3 Qd7 25. Bxb7 Qxb7 26. Rxe6 Rxd3 27. c6
Qf7 28. Qe5 Rd1+ 29. Kg2 h6 30. c7 Rc1 31. Re8+ Kh7 32. Re7 Qf8 33. h4 Rc4 34.
h5 f4 35. g4 f3+ 36. Kg3 b4 37. Qd6 1-0

[Event "Superettan(Schack 08-Rockaden,Umea)"]
[Site "?"]
[Date "2015.01.17"]
[Round "4"]
[White "Faldt, Magnus"]
[Black "Eriksson, Jorgen"]
[Result "0-1"]
[WhiteElo "2197"]
[BlackElo "2211"]
[PlyCount "78"]

1. d4 Nf6 2. c4 e6 3. Nc3 Bb4 4. Qc2 O-O 5. e4 d6 6. Bd3 e5 7. Nge2 Nc6 8. d5
Ne7 9. a3 Bxc3+ 10. Qxc3 c6 11. Bg5 Ng6 12. h3 cxd5 13. Bxf6 Qxf6 14. cxd5 Qg5
15. g3 Bd7 16. Qd2 Qd8 17. h4 Rc8 18. h5 Ne7 19. f3 f5 20. Rc1 Rxc1+ 21. Qxc1
h6 22. Qe3 Qa5+ 23. Qd2 Qb6 24. Rh4 fxe4 25. Bxe4 Bf5 26. Bxf5 Rxf5 27. Rb4 Qc7
28. Qc3 Qxc3+ 29. bxc3 Nxd5 30. Rxb7 Rxf3 31. c4 Ne3 32. Rxa7 Nxc4 33. a4 Ra3
34. Kf2 d5 35. g4 d4 36. Ng3 Ra2+ 37. Kf3 Nd2+ 38. Kf2 Ne4+ 39. Kf3 Ng5# 0-1

[Event "Superettan(Schack 08-Rockaden,Umea)"]
[Site "?"]
[Date "2015.01.17"]
[Round "4"]
[White "Lindgren, Fredrik"]
[Black "Andersson, Bo"]
[Result "1/2-1/2"]
[WhiteElo "2252"]
[BlackElo "2001"]
[PlyCount "78"]

1. d4 d5 2. Nf3 Nf6 3. c4 e6 4. g3 Be7 5. Bg2 O-O 6. O-O Nbd7 7. Nbd2 b6 8. b3
Bb7 9. Bb2 Rc8 10. Rc1 c5 11. e3 a6 12. Qe2 dxc4 13. Nxc4 cxd4 14. Bxd4 b5 15.
Nce5 Nxe5 16. Bxe5 Qa5 17. Bd4 Qa3 18. Qb2 Qxb2 19. Bxb2 Rfd8 20. Ne5 Bxg2 21.
Kxg2 Bc5 22. Rc2 Bf8 23. Rfc1 Rxc2 24. Rxc2 Nd5 25. Nc6 Ra8 26. e4 Nb4 27. Nxb4
Bxb4 28. Rc7 f6 29. Bc3 Bxc3 30. Rxc3 Kf7 31. Rc7+ Kg6 32. g4 e5 33. h4 h5 34.
Kg3 hxg4 35. Kxg4 Rd8 36. Rc6 Rd4 37. f3 a5 38. Ra6 a4 39. Ra5 Rb4 1/2-1/2

[Event "Superettan(Schack 08-Rockaden,Umea)"]
[Site "?"]
[Date "2015.01.17"]
[Round "4"]
[White "Schutz, Ingemar"]
[Black "Malmstig, Erik"]
[Result "1/2-1/2"]
[WhiteElo "2182"]
[BlackElo "2246"]
[PlyCount "140"]
[EventDate "2015.??.??"]

1. e4 d6 2. d4 Nf6 3. Nc3 g6 4. f4 Bg7 5. Bd3 e5 6. dxe5 dxe5 7. Nf3 Nc6 8.
fxe5 Ng4 9. Bg5 Qd7 10. Bb5 h6 11. Bf4 g5 12. Bg3 a6 13. Bxc6 Qxc6 14. Nd5 h5
15. Nxg5 Nxe5 16. O-O Bg4 17. Qe1 Qc5+ 18. Kh1 O-O-O 19. Nxf7 Nxf7 20. Rxf7 Rd7
21. Rxd7 Bxd7 22. c3 h4 23. Bxc7 Be6 24. b4 Qb5 25. a4 Qe8 26. Bf4 h3 27. Nb6+
Kd8 28. Rd1+ Ke7 29. Qg3 Kf7 30. Rf1 Kg8 31. Nd5 Qf7 32. Ne3 hxg2+ 33. Nxg2 Rh3
34. Qg5 Rxc3 35. Rd1 Rc8 36. Rd8+ Rxd8 37. Qxd8+ Qf8 38. Qxf8+ Bxf8 39. Bd2 Bg7
40. Ne3 Bh6 41. Kg2 Bd7 42. a5 Bc6 43. Kf3 Bxe3 44. Bxe3 Kf7 45. Kf4 Ke6 46.
Bd4 Be8 47. h4 Bg6 48. Bc3 Bh5 49. Bd4 Bd1 50. Bc5 Be2 51. e5 Bd1 52. Bd6 Kf7
53. Kg5 Bc2 54. h5 Bd3 55. Bc7 Bc2 56. Bd8 Bd3 57. Bf6 Bc2 58. Kh6 Bd3 59. Bh4
Bf5 60. Be1 Be6 61. Kg5 Bb3 62. Bf2 Bc2 63. Bd4 Bd3 64. Bc3 Bc2 65. Kf4 Ke6 66.
Ke3 Kd5 67. h6 Bh7 68. Bd4 Bb1 69. Bc3 Bh7 70. Kf4 Ke6 1/2-1/2

[Event "Superettan(Schack 08-Rockaden,Umea)"]
[Site "?"]
[Date "2015.01.17"]
[Round "4"]
[White "Nygren, David"]
[Black "Arvidsson, Tomas"]
[Result "1-0"]
[WhiteElo "2186"]
[BlackElo "1999"]
[PlyCount "145"]

1. e4 c5 2. c3 Nf6 3. e5 Nd5 4. d4 cxd4 5. Nf3 Nc6 6. Bc4 Nb6 7. Bb3 d5 8. exd6
e6 9. cxd4 Bxd6 10. O-O O-O 11. Re1 Nd5 12. Nc3 Be7 13. a3 Nxc3 14. bxc3 Bf6
15. Bf4 b6 16. Qd3 Bb7 17. Bc2 g6 18. Rad1 Rc8 19. Bh6 Re8 20. Ba4 Qd5 21. Qe3
b5 22. Bc2 Na5 23. Qf4 Qd8 24. Rd3 Bh8 25. Ne5 Qf6 26. Qg3 Qe7 27. h4 Bg7 28.
Bxg7 Kxg7 29. h5 Nc4 30. hxg6 hxg6 31. Nxc4 bxc4 32. Rde3 Qf6 33. Re5 Rh8 34.
Bxg6 Rhg8 35. Rb5 Qxg6 36. Qxg6+ Kxg6 37. Rxb7 Rb8 38. Reb1 Rxb7 39. Rxb7 a5
40. Rb5 Ra8 41. f3 f5 42. g3 Kf6 43. a4 Rg8 44. Kf2 Rh8 45. Kg2 Ra8 46. Rb6 Ke7
47. Rc6 Rb8 48. Rxc4 Rb2+ 49. Kh3 Rf2 50. f4 Rf3 51. Rc5 Kd6 52. Kg2 Rd3 53.
Kf2 Rd2+ 54. Ke3 Rg2 55. Kf3 Rc2 56. g4 fxg4+ 57. Kxg4 Rg2+ 58. Kf3 Rc2 59. Ke3
Rc1 60. Kd2 Rf1 61. Rxa5 Rxf4 62. Kd3 Rf8 63. Ra6+ Ke7 64. c4 Rf3+ 65. Ke4 Rc3
66. c5 Kd7 67. Rd6+ Ke7 68. a5 Ra3 69. a6 Ra1 70. Rb6 Re1+ 71. Kd3 Kf6 72. a7
Ra1 73. Rb7 1-0

[Event "Superettan(Rockaden,Sthlm II-Burgsvik)"]
[Site "?"]
[Date "2015.01.17"]
[Round "4"]
[White "Andersson, Tommy"]
[Black "Bryntze, Stefan"]
[Result "1-0"]
[WhiteElo "2373"]
[BlackElo "2209"]
[PlyCount "83"]
[EventDate "2015.??.??"]

1. d4 e6 2. c4 f5 3. g3 Bb4+ 4. Bd2 Qe7 5. Nf3 b6 6. Bg2 Bb7 7. O-O Bxd2 8.
Qxd2 Nf6 9. Qf4 d6 10. d5 Nh5 11. Qg5 g6 12. dxe6 Qxg5 13. Nxg5 Bxg2 14. Kxg2
Ng7 15. e4 h6 16. Nf3 fxe4 17. Nd4 Na6 18. Nc3 Nc5 19. Rfe1 Ngxe6 20. Nxe6 Nxe6
21. Rxe4 Kd7 22. Nd5 Rhf8 23. Rxe6 Kxe6 24. Nxc7+ Kd7 25. Nxa8 Rxa8 26. Re1 Rc8
27. Re4 a5 28. b3 Rf8 29. Rh4 h5 30. Re4 Rf6 31. f4 Kc6 32. Kh3 Kc5 33. Kh4 Rf5
34. Re6 b5 35. Rxg6 bxc4 36. bxc4 Kxc4 37. Rxd6 Rb5 38. Rd2 Kc3 39. Rf2 a4 40.
f5 a3 41. f6 Rb2 42. Rf3+ 1-0

[Event "Superettan(Rockaden,Sthlm II-Burgsvik)"]
[Site "?"]
[Date "2015.01.17"]
[Round "4"]
[White "Nikolic, Vladan"]
[Black "Fries Nielsen, Jens Ove"]
[Result "0-1"]
[WhiteElo "2043"]
[BlackElo "2420"]
[PlyCount "90"]
[EventDate "2015.??.??"]

1. Nf3 d6 2. d4 a6 3. c4 Nf6 4. Nc3 Nc6 5. Bg5 e6 6. e3 h6 7. Bh4 g5 8. Bg3 Nh5
9. Bd3 Bg7 10. Qe2 Bd7 11. a3 g4 12. Nd2 f5 13. h3 Nxg3 14. fxg3 h5 15. Qf2 Qg5
16. Ne2 e5 17. d5 Ne7 18. O-O-O Bh6 19. Nf1 c5 20. dxc6 Bxc6 21. Nc3 gxh3 22.
Rxh3 Bg7 23. Bc2 O-O-O 24. Kb1 Kb8 25. e4 Rdf8 26. Qe1 Rh6 27. Ne3 f4 28. Ned5
Bd7 29. gxf4 exf4 30. Rhd3 Bg4 31. Rc1 Nc6 32. Nb5 axb5 33. cxb5 Qe5 34. Rb3
Nd4 35. Rb4 Rc8 36. Bd3 Rhh8 37. b6 Rxc1+ 38. Qxc1 Rc8 39. Nc7 Bd7 40. Rc4 Bc6
41. Nd5 Nb3 42. Qc2 Nc5 43. Nb4 Bb5 44. Rc3 Bxd3 45. Nxd3 Qxe4 0-1

[Event "Superettan(Rockaden,Sthlm II-Burgsvik)"]
[Site "?"]
[Date "2015.01.17"]
[Round "4"]
[White "Fries Nielsen, Niels J"]
[Black "Sandbom, Jonas"]
[Result "1-0"]
[WhiteElo "2330"]
[BlackElo "2114"]
[PlyCount "79"]
[EventDate "2015.??.??"]

1. d4 Nf6 2. g3 d5 3. Nf3 Bf5 4. Nh4 Bg6 5. Bg2 e6 6. O-O Be7 7. Nc3 O-O 8.
Nxg6 hxg6 9. e4 dxe4 10. Nxe4 Nxe4 11. Bxe4 c6 12. Bg2 Nd7 13. c3 Nf6 14. Re1
Qb6 15. Qb3 Qxb3 16. axb3 a6 17. b4 Rad8 18. h4 Rd7 19. Bf3 Rfd8 20. Kg2 Kf8
21. Rh1 Ke8 22. Ra5 Kf8 23. Re5 Bd6 24. Re2 Be7 25. Ree1 Ke8 26. g4 Bd6 27. h5
gxh5 28. gxh5 Nd5 29. Rh4 Be7 30. Rhe4 Bf6 31. Rh1 Ne7 32. h6 gxh6 33. Rxh6 Bg7
34. Rh7 Kf8 35. Rg4 Ng6 36. Be4 Bf6 37. Rh6 Ke7 38. Bxg6 fxg6 39. Rgxg6 Rf8 40.
Rxf6 1-0

[Event "Superettan(Rockaden,Sthlm II-Burgsvik)"]
[Site "?"]
[Date "2015.01.17"]
[Round "4"]
[White "Kyhle, Bo"]
[Black "Andersson, Bjorn"]
[Result "0-1"]
[WhiteElo "2172"]
[BlackElo "2211"]
[PlyCount "100"]
[EventDate "2015.??.??"]

1. d4 c5 2. e3 b6 3. Nf3 Bb7 4. Bd3 g6 5. b3 Bg7 6. Bb2 e6 7. Nbd2 Ne7 8. O-O
O-O 9. c4 Nbc6 10. Rc1 cxd4 11. Nxd4 Nxd4 12. Bxd4 Bxd4 13. exd4 d5 14. c5 Nc6
15. Nf3 Rc8 16. Qd2 bxc5 17. dxc5 e5 18. Bb5 Re8 19. Rfe1 Qc7 20. b4 a6 21. Ba4
d4 22. Bb3 Kg7 23. Ng5 Nd8 24. Ne4 Bxe4 25. Rxe4 Nc6 26. Bc4 Qb7 27. a3 Nxb4
28. Rh4 Nd5 29. Qh6+ Kf6 30. Rh3 Rxc5 31. Rf3+ Nf4 32. h4 Rec8 33. Re1 Rxc4 34.
Rxe5 Qxf3 35. gxf3 Nh3+ 36. Kg2 Kxe5 37. Qg7+ Ke6 38. Kxh3 Rd8 39. Qh6 Rc5 40.
Qd2 d3 41. f4 Rdd5 42. Kg3 Kd7 43. Kf3 a5 44. Ke4 Kc6 45. Ke3 Rc2 46. Qd1 Kd6
47. Qb1 d2 48. Qb6+ Ke7 49. Qb7+ Rd7 50. Qb8 Rc3+ 0-1

[Event "Superettan(Rockaden,Sthlm II-Burgsvik)"]
[Site "?"]
[Date "2015.01.17"]
[Round "4"]
[White "Linusson, Pelle"]
[Black "Backman, Michael"]
[Result "1-0"]
[WhiteElo "2206"]
[BlackElo "2028"]
[PlyCount "97"]
[EventDate "2015.??.??"]

1. d4 Nf6 2. c4 g6 3. Nf3 Bg7 4. g3 O-O 5. Bg2 d6 6. O-O Nbd7 7. Nc3 e5 8. e4
a6 9. h3 b5 10. dxe5 dxe5 11. Qc2 bxc4 12. Rd1 Qe7 13. Bg5 Nb6 14. Nd5 Nbxd5
15. exd5 Rb8 16. Nd2 Bf5 17. Qxc4 Rxb2 18. g4 Rb4 19. Qc3 Bxg4 20. Bxf6 Bxf6
21. d6 cxd6 22. Qxb4 Bxd1 23. Rxd1 e4 24. Qxe4 Be5 25. Nf3 Rc8 26. Nxe5 dxe5
27. Qb7 Qe6 28. Bd5 Qf5 29. Bxf7+ Kh8 30. Qd7 Qc2 31. Bb3 Qc5 32. Qd6 Kg7 33.
Qxc5 Rxc5 34. Rd7+ Kh6 35. Bg8 e4 36. Re7 Rc1+ 37. Kg2 Re1 38. Bd5 Rd1 39. Bxe4
Rd2 40. a4 Rd4 41. Bc6 Rc4 42. Be8 Rc8 43. Bf7 a5 44. Ra7 Rc5 45. Bg8 Rg5+ 46.
Kf1 Rf5 47. Rxh7+ Kg5 48. h4+ Kf4 49. Rf7 1-0

[Event "Superettan(Rockaden,Sthlm II-Burgsvik)"]
[Site "?"]
[Date "2015.01.17"]
[Round "4"]
[White "Tuomainen, Felix"]
[Black "Zadruzny, Nicolaj"]
[Result "1/2-1/2"]
[WhiteElo "1912"]
[BlackElo "2231"]
[PlyCount "68"]
[EventDate "2015.??.??"]

1. d4 e6 2. c4 f5 3. g3 Nf6 4. Bg2 Bb4+ 5. Nd2 O-O 6. Ngf3 b6 7. a3 Bxd2+ 8.
Bxd2 Bb7 9. O-O d6 10. b4 Nbd7 11. c5 Ne4 12. cxd6 cxd6 13. Ng5 Qe7 14. Nxe4
Bxe4 15. Qb3 Bxg2 16. Kxg2 Rfc8 17. Rac1 b5 18. a4 bxa4 19. Qxa4 Nb6 20. Qa6
Qd7 21. Bf4 h6 22. h4 Kf7 23. b5 Ke7 24. Bd2 Nc4 25. Bf4 Rab8 26. Ra1 Rxb5 27.
Qxa7 Rb7 28. Qa4 Qxa4 29. Rxa4 e5 30. dxe5 dxe5 31. Be3 Nxe3+ 32. fxe3 Rc3 33.
Rxf5 Ke6 34. Rf2 Rxe3 1/2-1/2

[Event "Superettan(Rockaden,Sthlm II-Burgsvik)"]
[Site "?"]
[Date "2015.01.17"]
[Round "4"]
[White "Tuvesson, Mats"]
[Black "Johansson, Arne"]
[Result "1-0"]
[WhiteElo "2210"]
[BlackElo "1809"]
[PlyCount "41"]
[EventDate "2015.??.??"]

1. d4 Nf6 2. c4 g6 3. Nc3 d5 4. cxd5 Nxd5 5. e4 Nxc3 6. bxc3 Bg7 7. Bc4 c5 8.
Ne2 O-O 9. O-O cxd4 10. cxd4 Nc6 11. Be3 Na5 12. Bd3 e6 13. Rb1 b6 14. Qa4 Bd7
15. Qa3 Bc6 16. f3 Qd7 17. e5 Bd5 18. Bb5 Bc6 19. Ba6 Bb7 20. Bxb7 Qxb7 21.
Qxa5 1-0

[Event "Superettan(Rockaden,Sthlm II-Burgsvik)"]
[Site "?"]
[Date "2015.01.17"]
[Round "4"]
[White "Mayrany, Fargalla"]
[Black "Larsson, Victor"]
[Result "1-0"]
[WhiteElo "1844"]
[BlackElo "2145"]
[PlyCount "39"]
[EventDate "2015.??.??"]

1. b3 d5 2. Bb2 Nf6 3. e3 c5 4. Nf3 Nc6 5. Bb5 e6 6. O-O Bd6 7. d3 a6 8. Bxc6+
bxc6 9. Ne5 Nd7 10. f4 Bxe5 11. fxe5 Qg5 12. Qf3 Nxe5 13. Bxe5 Qxe5 14. Qxf7+
Kd8 15. Nd2 Qxe3+ 16. Rf2 Qh6 17. Nc4 Bd7 18. Ne5 Be8 19. Qb7 Rc8 20. Nf7+ 1-0

[Event "Superettan(Orebro-Rockaden,Umea)"]
[Site "?"]
[Date "2015.01.18"]
[Round "5"]
[White "Wickstrom, Lucas"]
[Black "Nygren, Kim"]
[Result "1-0"]
[WhiteElo "2319"]
[BlackElo "2212"]
[PlyCount "83"]

1. d4 d5 2. c4 e5 3. dxe5 d4 4. Nf3 Nc6 5. a3 Bf5 6. b4 f6 7. exf6 Qxf6 8. Bg5
Qg6 9. Nbd2 Nf6 10. g3 Ne4 11. Nxe4 Bxe4 12. Qd2 Qe6 13. Bg2 h6 14. Bf4 O-O-O
15. b5 Bxf3 16. Bxf3 Ne5 17. Bd5 Qe8 18. O-O g5 19. Bxe5 Qxe5 20. a4 h5 21. a5
Bc5 22. a6 b6 23. Qd3 Rde8 24. Ra2 h4 25. Bb7+ Kb8 26. Bf3 Re7 27. Rd1 hxg3 28.
hxg3 Qf6 29. Bg2 g4 30. e3 c6 31. exd4 Bxd4 32. Qxd4 Re1+ 33. Rxe1 Qxd4 34.
Bxc6 Rf8 35. Rae2 Qf6 36. Re8+ Kc7 37. R1e7+ Kd6 38. Rd7+ Kc5 39. Rxf8 Qxf8 40.
Rxa7 Qh6 41. Rd7 Qc1+ 42. Kg2 1-0

[Event "Superettan(Orebro-Rockaden,Umea)"]
[Site "?"]
[Date "2015.01.18"]
[Round "5"]
[White "Gruvaeus, Curt"]
[Black "Petrov, Marijan"]
[Result "0-1"]
[WhiteElo "2290"]
[BlackElo "2499"]
[PlyCount "54"]
[EventDate "2015.??.??"]

1. d4 g6 2. e4 Bg7 3. Nc3 d6 4. Be3 Nf6 5. f3 O-O 6. Qd2 e5 7. d5 c6 8. dxc6
Nxc6 9. O-O-O Be6 10. Nge2 Qa5 11. Kb1 b5 12. Nc1 b4 13. Nd5 Bxd5 14. exd5 Ne7
15. Nb3 Qc7 16. Bg5 a5 17. Bxf6 Bxf6 18. c4 bxc3 19. Qxc3 Qb7 20. Bc4 Rfc8 21.
Nd2 Bg7 22. Qb3 Qa7 23. Ne4 Rab8 24. Bb5 a4 25. Qxa4 Qb6 26. Qa3 Qxb5 27. Nxd6
Qc5 0-1

[Event "Superettan(Orebro-Rockaden,Umea)"]
[Site "?"]
[Date "2015.01.18"]
[Round "5"]
[White "Forsberg, Viktor"]
[Black "Zetterberg, Staffan"]
[Result "1-0"]
[WhiteElo "2340"]
[BlackElo "2192"]
[PlyCount "65"]

1. d4 Nf6 2. c4 c5 3. d5 b5 4. cxb5 a6 5. bxa6 g6 6. Nc3 Bxa6 7. Nf3 Bg7 8. g3
d6 9. e4 Bxf1 10. Kxf1 Nbd7 11. Kg2 O-O 12. a4 Qb6 13. Qe2 Qa6 14. Nb5 e6 15.
dxe6 fxe6 16. Bf4 d5 17. exd5 exd5 18. Rhe1 Rae8 19. Qc2 Rxe1 20. Rxe1 Ne4 21.
Nc7 Qb7 22. Nxd5 Qxd5 23. Qxe4 Qxe4 24. Rxe4 Bxb2 25. a5 Ra8 26. Ra4 Ra6 27.
Nd2 Bc3 28. Nc4 Kf7 29. Ra3 Bd4 30. Rb3 Ke7 31. Rb6 Rxa5 32. Bg5+ Ke8 33. Re6+
1-0

[Event "Superettan(Orebro-Rockaden,Umea)"]
[Site "?"]
[Date "2015.01.18"]
[Round "5"]
[White "Drugge, Patrick"]
[Black "Malmstig, Erik"]
[Result "0-1"]
[WhiteElo "2207"]
[BlackElo "2246"]
[PlyCount "84"]
[EventDate "2015.??.??"]

1. e4 c5 2. Nc3 d6 3. g3 Nc6 4. Bg2 e5 5. d3 h5 6. Nd5 h4 7. c3 Nge7 8. g4 Nxd5
9. exd5 Ne7 10. f4 exf4 11. Bxf4 Ng6 12. Be3 Qe7 13. Kd2 Ne5 14. h3 f5 15. Nf3
fxg4 16. Nxe5 dxe5 17. Be4 g3 18. Bg6+ Kd8 19. Rf1 Qd6 20. Bg5+ Be7 21. Bxe7+
Qxe7 22. Kc2 Qg5 23. Be4 Bxh3 24. Rf7 Ke8 25. Rxb7 Rf8 26. d6 Rf2+ 27. Kb3 Rd8
28. Qh1 Be6+ 29. Ka3 Rxd6 30. Rxa7 g2 31. Qd1 Bd7 32. Qb3 g1=Q 33. Qg8+ Ke7 34.
Rxg1 Qxg1 35. Ra8 Rf7 36. Qd8+ Ke6 37. Qxh4 Qf2 38. Qd8 c4 39. dxc4 Qc5+ 40. b4
Qxc4 41. Bc2 Qxc3+ 42. Bb3+ Kf5 0-1